Sports Quiz

Random Sports or German Quiz

Bundesliga XIs (2008-09) Quiz Stats

 Plays Quiz not verified by Sporcle

Support Sporcle.
Go Orange.
Score 0/198 Timer 20:00
0 Plays Today
Hint Answer % Correct
TSG 1899 HoffenheimDemba Ba
97.7%
VfL WolfsburgEdin Džeko
96.8%
VfL WolfsburgGrafite
95.9%
FC Bayern MünchenFranck Ribéry
95.9%
FC Schalke 04Manuel Neuer
95.9%
FC Bayern MünchenPhilipp Lahm
95.4%
FC Bayern MünchenBastian Schweinsteiger
95.4%
Borussia DortmundRoman Weidenfeller
95.4%
VfL WolfsburgDiego Benaglio
94.9%
FC Bayern MünchenMartín Demichelis
93.1%
FC Bayern MünchenMiroslav Klose
93.1%
FC Bayern MünchenLuca Toni
93.1%
FC Bayern MünchenMark van Bommel
92.2%
VfB StuttgartMario Gómez
92.2%
Bayer 04 LeverkusenRené Adler
92.2%
SV Werder BremenNaldo
92.2%
FC Bayern MünchenLúcio
91.7%
SV Werder BremenTime Wiese
91.2%
SV Werder BremenClaudio Pizarro
91.2%
VfL WolfsburgAndrea Barzagli
90.8%
FC Bayern MünchenZé Roberto
90.8%
Borussia DortmundNeven Subotić
90.8%
Borussia DortmundAlexander Frei
90.8%
Hamburger SVIvica Olić
90.3%
Bayer 04 LeverkusenStefan Kießling
90.3%
VfL WolfsburgMakoto Hasebe
89.4%
Borussia DortmundSebastian Kehl
89.4%
Borussia DortmundNuri Şahin
88.9%
Borussia DortmundNelson Valdez
88.9%
Hamburger SVPaolo Guerrero
87.6%
SV Werder BremenDiego
87.6%
Bayer 04 LeverkusenArturo Vidal
87.1%
VfL WolfsburgMarcel Schäfer
86.6%
FC Schalke 04Kevin Kuranyi
86.6%
FC Schalke 04Jefferson Farfán
86.2%
SV Werder BremenPer Mertesacker
86.2%
SV Werder BremenMarkus Rosenberg
86.2%
Hamburger SVJoris Mathijsen
85.7%
FC Schalke 04Jermaine Jones
85.7%
VfB StuttgartCacau
85.3%
FC Schalke 04Halil Altintop
85.3%
Hertha BSCAndriy Voronin
84.3%
VfL WolfsburgChristian Gentner
83.9%
Hamburger SVFrank Rost
83.9%
FC Schalke 04Benedikt Höwedes
83.9%
SV Werder BremenTorsten Frings
83.9%
FC Energie CottbusTimo Rost
83.9%
FC Bayern MünchenMichael Rensing
83.4%
Hannover 96Robert Enke
82.9%
FC Bayern MünchenChristian Lell
82%
VfB StuttgartSami Khedira
82%
Hertha BSCArne Friedrich
82%
Hertha BSCMarko Pantelić
82%
Hamburger SVDavid Jarolím
82%
Bayer 04 LeverkusenManuel Friedrich
82%
VfL WolfsburgJosué
81.6%
VfL WolfsburgAshkan Dejagah
81.6%
VfB StuttgartJens Lehmann
81.6%
FC Schalke 04Levan Kobiashvili
81.1%
FC Schalke 04Rafinha
81.1%
SV Werder BremenMesut Özil
81.1%
Hertha BSCJaroslav Drobný
80.6%
Bayer 04 LeverkusenTranquillo Barnetta
80.6%
Hertha BSCJosip Šimunić
80.2%
Hamburger SVMarcell Jansen
79.7%
TSG 1899 HoffenheimLuiz Gustavo
79.7%
Hint Answer % Correct
SV Werder BremenFrank Baumann
79.7%
TSG 1899 HoffenheimChinedu Obasi
79.3%
FC Schalke 04Ivan Rakitić
79.3%
VfB StuttgartMathieu Delpierre
78.8%
Hamburger SVGuy Demel
78.3%
Bayer 04 LeverkusenMichal Kadlec
78.3%
SV Werder BremenClemens Fritz
78.3%
Hamburger SVJérôme Boateng
77.9%
Bayer 04 LeverkusenSimon Rolfes
77.9%
VfB StuttgartLudovic Magnin
77.4%
Hertha BSCPál Dárdai
77.4%
1. FC KölnMilivoje Novakovič
77.4%
VfB StuttgartThomas Hitzlsperger
77%
TSG 1899 HoffenheimSejad Salihović
77%
FC Schalke 04Heiko Westermann
77%
1. FC KölnFaryd Mondragón
77%
Eintracht FrankfurtAlexander Meier
76.5%
Borussia DortmundFelipe Santana
76%
TSG 1899 HoffenheimAndreas Beck
76%
Borussia DortmundTamás Hajnal
75.1%
Borussia DortmundYoung-Pyo Lee
74.2%
Hannover 96Mikael Forssell
74.2%
VfB StuttgartSerdar Taşçı
73.7%
Hamburger SVDennis Aogo
73.7%
Hamburger SVPiotr Trochowski
73.7%
SV Werder BremenSebastian Boenisch
73.3%
VfL WolfsburgSascha Riether
71.9%
TSG 1899 HoffenheimIsaac Vorsah
71%
Hannover 96Jiří Štajner
71%
VfL WolfsburgAlexander Madlung
70.5%
TSG 1899 HoffenheimCarlos Eduardo
70.5%
VfB StuttgartCiprian Marica
70%
Borussia DortmundPatrick Owomoyela
70%
TSG 1899 HoffenheimMarvin Compper
70%
Eintracht FrankfurtOka Nikolov/Markus Pröll
70%
Bayer 04 LeverkusenGonzalo Castro
69.1%
Bayer 04 LeverkusenRenato Augusto
69.1%
Hannover 96Christian Schulz
69.1%
Borussia DortmundFlorian Kringe
68.2%
Bayer 04 LeverkusenPatrick Helmes
68.2%
Hannover 96Sérgio da Silva Pinto
68.2%
Bor. MönchengladbachFilip Daems
66.4%
Hamburger SVJonathan Pitroipa
65.9%
VfB StuttgartRoberto Hilbert
65%
Bor. MönchengladbachMichael Bradley
65%
TSG 1899 HoffenheimAndreas Ibertsberger
64.1%
TSG 1899 HoffenheimTobias Weis
64.1%
1. FC KölnPetit
64.1%
Eintracht FrankfurtMarco Russ
64.1%
VfL BochumStanislav Šesták
63.6%
Bor. MönchengladbachMarko Marin
63.6%
FC Schalke 04Orlando Engelaar
63.1%
Karlsruher SCAntônio da Silva
63.1%
1. FC KölnPedro Geromel
62.2%
Bor. MönchengladbachLogan Bailly
62.2%
Arminia BielefeldArtur Wichniarek
61.8%
Hertha BSCSteven von Bergen
60.8%
VfL BochumChristian Fuchs
60.8%
Bor. MönchengladbachPaul Stalteri
59.9%
Bor. MönchengladbachRoel Brouwers
59.4%
VfL BochumPaul Freier
58.5%
FC Energie CottbusDimitar Rangelov
58.1%
1. FC KölnMišo Brečko
56.2%
Hannover 96Arnold Bruggink
54.4%
Hannover 96Jan Schlaudraff
54.4%
Bor. MönchengladbachRob Friend
54.4%
Hint Answer % Correct
Hannover 96Frank Fahrenhorst
53.9%
FC Energie CottbusGerhard Tremmel
53.9%
Hannover 96Mario Eggimann
53%
1. FC KölnPierre Womé
52.5%
Hannover 96Hanno Balitsch
52.1%
VfL BochumDaniel Fernandes
52.1%
Karlsruher SCMarkus Miller
52.1%
Eintracht FrankfurtPatrick Ochs
51.6%
FC Energie CottbusStanislav Angelov
51.2%
Hertha BSCGojko Kačar
50.7%
Eintracht FrankfurtChristoph Spycher
49.3%
Eintracht FrankfurtMartin Fenin
48.8%
1. FC KölnYoussef Mohamad
47.5%
VfL BochumChristoph Dabrowski
46.1%
Hertha BSCMaximilian Nicu
45.6%
Hannover 96Konstantin Rausch
45.2%
1. FC KölnFabrice Ehret
45.2%
VfL BochumMarcel Maltritz
45.2%
FC Energie CottbusErvin Skela
43.3%
Karlsruher SCLars Stindl
41.9%
TSG 1899 HoffenheimDaniel Haas
41.5%
Karlsruher SCSebastian Freis
41%
Karlsruher SCJoshua Kennedy
41%
Arminia BielefeldThorben Marx
40.6%
Hertha BSCCícero
40.1%
FC Energie CottbusDennis Sørensen
39.2%
VfB StuttgartMartin Lanig
38.7%
Eintracht FrankfurtMichael Fink
38.7%
Bor. MönchengladbachKarim Matmour
38.2%
VfL BochumAnthar Yahia
36.4%
Karlsruher SCChristian Eichner
35.9%
Eintracht FrankfurtBenjamin Köhler
35%
1. FC KölnAdil Chihi
34.1%
Arminia BielefeldRüdiger Kauf
34.1%
Arminia BielefeldMarkus Schuler
31.8%
Bor. MönchengladbachAlexander Baumjohann
30.9%
Karlsruher SCGodfried Aduobe
30.9%
Arminia BielefeldDennis Eilhoff
30.4%
Hertha BSCMarc Stein
30%
Arminia BielefeldOliver Kirch
30%
Eintracht FrankfurtNikolaos Lyberopoulos
28.6%
VfL BochumDaniel Imhof
28.6%
Bor. MönchengladbachRoberto Colautti
27.2%
Bayer 04 LeverkusenHenrique
26.3%
Karlsruher SCTim Sebastian
24%
Karlsruher SCStefano Celozzi
23.5%
VfL BochumMarc Pfertzel
22.6%
VfL BochumMimoun Azaouagh
22.6%
Bor. MönchengladbachPatrick Paauwe
21.7%
1. FC KölnNemanja Vučićević
21.2%
Arminia BielefeldRadim Kučera
20.7%
1. FC KölnKevin Pezzoni
20.3%
Karlsruher SCDino Drpić
18.9%
Karlsruher SCMichael Mutzel
18%
Arminia BielefeldRobert Tesche
18%
Eintracht FrankfurtHabib Bellaïd
17.5%
Arminia BielefeldChristopher Katongo
17.5%
VfL BochumDennis Grote
16.1%
FC Energie CottbusDaniel Ziebig
15.7%
Eintracht FrankfurtMarkus Steinhöfer
14.7%
FC Energie CottbusMariusz Kukielka
14.3%
FC Energie CottbusMario Cvitanović
12.9%
Arminia BielefeldMichael Lamey
12.4%
FC Energie CottbusÇağdaş Atan
11.5%
FC Energie CottbusIvica Iliev
9.7%
Arminia BielefeldMarkus Bollmann
8.3%

You're not logged in!

Compare scores with friends on all Sporcle quizzes.
OR
Log In

From the Vault

Guess the Movie in 3 Words III

by MSUKent

We like to imagine this is how movies are pitched to production companies.
Remove Ads.
Support Sporcle.
Get the best of Sporcle when you Go Orange. This ad-free experience offers more features, more stats, and more fun while also helping to support Sporcle. Thank you for becoming a member.

Show Comments

Extras

Top Quizzes Today


Score Distribution

Your Account Isn't Verified!

In order to create a playlist on Sporcle, you need to verify the email address you used during registration. Go to your Sporcle Settings to finish the process.

Report this User

Report this user for behavior that violates our Community Guidelines.

Details: